000 00532nam a22001817a 4500
005 20251108165258.0
008 250721s1989 xx 000 0 ara d
082 1 4 _a956.462/بس
100 1 _aالبس، زكريا أحمد
245 1 0 _aصيدون :
_bقريه الأجداد في فلسطين /
264 1 _aعمان :
_bالمؤلف،
_c1989.
300 _a140ص.
650 1 7 _aتاريخ فلسطين
650 1 7 _aصيدون ( قريه )
650 1 7 _aالرمله ( مدينه )
942 _2ddc
_cBK
999 _c23969
_d23969